| 000 | 00697nam a2200265Ia 4500 | ||
|---|---|---|---|
| 003 | OSt | ||
| 005 | 20220924114752.0 | ||
| 006 | a|||||r|||| 00| 0 | ||
| 007 | ta | ||
| 008 | 220923b |||||||| |||| 00| 0 ara d | ||
| 020 | _a977023978X | ||
| 020 | _c400.00 | ||
| 024 | _a339781 | ||
| 037 | _cTextual | ||
| 040 |
_aARTS _cARTS _bara |
||
| 041 |
_2ara _aara |
||
| 082 | _aO28,6:g, N3 | ||
| 100 |
_aDiyab Abdul Majid Au. _9175245 |
||
| 245 | 0 | _aTehqiqi-al-toras-al-Arabi | |
| 260 |
_aCairo _bDar-al-ma'arif Egypt _c1993 |
||
| 300 |
_a380p. _ccm. |
||
| 650 | _aARABIC PROSE | ||
| 942 |
_hO28,6:g, N3 _cTEXL _2CC |
||
| 999 |
_c395185 _d395185 |
||